000 00582nam a22001817a 4500
005 20170829122923.0
010 _aENG-120147
020 _c995.00
_a9788192757025
035 _aEN-103679
037 _bDBAD/PUB
082 _a327.54
100 _aRavindra Kumar
245 _aCold war :
_bits effects on global peace /
_cby Ravindra Kumar
260 _aNew Delhi
_bTrans-India Book Distributors
_c2014
270 _aA-148,Harnam Singh Market Ismalipur Road, Jaitpur Badarpur
_bNew Delhi
_e110044
300 _a320p.
_c21cm(Hb)
942 _2ddc
_cEN
_h327.54
_mRAV
999 _c143863
_d143863